1920年の国勢調査で2万人以上の人口を記録した市町村 - Statistics

General Stats
  • This quiz has been taken 188 times
  • The average score is 104 of 183
Answer Stats
道府県 人口 市町村 % Correct
大阪府 1,252,983 大阪市
98%
兵庫県 608,644 神戸市
98%
京都府 591,323 京都市
98%
愛知県 429,997 名古屋市
98%
神奈川県 422,938 横浜市
98%
長崎県 176,534 長崎市
98%
広島県 160,510 広島市
98%
東京府 2,173,201 東京市
97%
石川県 129,265 金沢市
97%
鹿児島県 103,180 鹿児島市
97%
北海道 102,580 札幌区
97%
北海道 144,749 函館区
96%
宮城県 118,984 仙台市
96%
岡山県 94,585 岡山市
96%
長崎県 87,022 佐世保市
96%
大阪府 84,999 堺市
96%
和歌山県 83,500 和歌山市
96%
福岡県 95,381 福岡市
95%
新潟県 92,130 新潟市
95%
静岡県 64,749 浜松市
95%
広島県 130,362 呉市
94%
神奈川県 89,879 横須賀市
94%
北海道 103,113 小樽区
93%
静岡県 74,093 静岡市
93%
山口県 72,300 下関市
93%
熊本県 70,388 熊本市
93%
栃木県 63,771 宇都宮市
93%
福井県 56,639 福井市
93%
東京府 38,955 八王子市
93%
東京府 38,368 王子町
93%
徳島県 68,457 徳島市
92%
愛知県 65,163 豊橋市
92%
岐阜県 62,713 岐阜市
92%
群馬県 62,325 前橋市
92%
山梨県 56,207 甲府市
92%
沖縄県 53,882 那覇区
92%
富山県 61,812 富山市
91%
北海道 61,319 旭川区
91%
福岡県 33,954 小倉市
91%
愛媛県 51,250 松山市
90%
福岡県 43,629 久留米市
90%
北海道 39,392 釧路区
90%
神奈川県 21,391 川崎町
90%
福岡県 49,336 若松市
88%
三重県 47,741 津市
88%
福島県 37,549 若松市
88%
長野県 37,308 長野市
88%
群馬県 36,792 高崎市
88%
長野県 49,999 松本市
87%
青森県 48,941 青森市
85%
山形県 48,399 山形市
85%
香川県 46,550 高松市
85%
大分県 43,150 大分市
85%
岩手県 42,403 盛岡市
85%
兵庫県 45,750 姫路市
84%
高知県 49,329 高知市
83%
新潟県 41,627 長岡市
83%
福岡県 100,235 八幡市
82%
福岡県 72,111 門司市
82%
茨城県 39,363 水戸市
82%
島根県 37,527 松江市
82%
三重県 35,165 四日市市
82%
山口県 25,297 山口町
82%
愛知県 38,527 岡崎市
80%
奈良県 40,301 奈良市
79%
広島県 29,768 福山市
79%
福岡県 64,317 大牟田市
78%
兵庫県 38,461 尼崎市
78%
福島県 35,762 福島市
78%
北海道 56,082 室蘭区
77%
佐賀県 33,528 佐賀市
77%
福島県 20,175 平町
77%
山形県 43,007 米沢市
76%
富山県 36,648 高岡市
76%
秋田県 36,281 秋田市
76%
青森県 32,767 弘前市
76%
鳥取県 29,274 鳥取市
76%
山形県 28,220 鶴岡町
76%
長野県 26,271 上田市
76%
福島県 26,218 郡山町
76%
滋賀県 31,453 大津市
75%
愛知県 27,263 一宮町
75%
千葉県 33,179 千葉町
74%
兵庫県 28,428 西宮町
73%
大分県 28,647 別府町
72%
愛媛県 30,296 今治市
71%
神奈川県 23,014 小田原町
71%
山形県 22,174 酒田町
71%
兵庫県 20,262 小田村
71%
宮崎県 21,116 宮崎町
70%
兵庫県 33,107 明石市
69%
岐阜県 28,334 大垣市
68%
大阪府 29,306 岸和田町
67%
宮崎県 25,741 都城町
65%
鳥取県 22,411 米子町
65%
山口県 38,063 宇部村
64%
栃木県 33,637 足利町
64%
香川県 24,480 丸亀市
63%
栃木県 24,570 栃木町
62%
北海道 51,064 夕張町
61%
福岡県 33,824 戸畑町
61%
埼玉県 24,675 川越町
61%
福岡県 28,876 飯塚町
60%
広島県 26,466 尾道市
58%
宮城県 22,067 石巻町
58%
愛媛県 21,923 宇和島町
56%
群馬県 37,674 桐生町
55%
福井県 20,189 敦賀町
55%
新潟県 28,388 高田市
54%
東京府 26,786 高田町
54%
茨城県 25,263 日立村
53%
北海道 27,899 網走町
51%
和歌山県 23,964 新宮町
51%
北海道 23,326 岩見沢町
49%
静岡県 20,993 沼津町
49%
東京府 80,799 渋谷町
48%
埼玉県 22,282 熊谷町
48%
三重県 39,270 宇治山田市
46%
山口県 21,325 防府町
44%
新潟県 20,424 三条町
43%
東京府 21,875 中野町
40%
岩手県 20,663 釜石町
40%
東京府 41,059 品川町
38%
熊本県 20,498 水俣町
38%
京都府 26,879 伏見町
36%
北海道 24,745 歌志内村
35%
沖縄県 22,838 首里区
35%
大阪府 21,508 中津町
31%
東京府 31,047 千住町
29%
大阪府 34,383 天王寺村
28%
愛知県 22,185 瀬戸町
28%
兵庫県 22,166 洲本町
28%
東京府 28,035 巣鴨町
25%
長野県 44,278 平野村
23%
鹿児島県 25,986 谷山村
22%
東京府 34,837 大崎町
21%
鹿児島県 25,816 名瀬村
21%
岡山県 20,916 玉島町
21%
宮崎県 23,217 小林町
18%
神奈川県 21,431 保土ヶ谷町
18%
鹿児島県 21,220 阿久根村
18%
鹿児島県 22,497 串木野町
17%
東京府 40,453 淀橋町
16%
東京府 38,548 亀戸町
16%
沖縄県 21,277 平良村
16%
東京府 40,689 滝野川町
15%
東京府 36,659 大井町
15%
栃木県 32,804 足尾町
14%
東京府 27,949 大久保町
14%
東京府 51,478 西巣鴨町
13%
大阪府 32,864 鶴橋町
13%
福岡県 28,319 後藤寺町
13%
東京府 41,551 日暮里町
12%
福島県 20,174 内郷村
12%
福岡県 28,569 添田町
11%
東京府 50,713 南千住町
10%
東京府 36,374 千駄ヶ谷町
10%
北海道 30,152 野付牛町
10%
福岡県 22,371 伊田町
10%
愛知県 21,340 千種町
10%
東京府 20,034 代々幡町
10%
大阪府 50,080 今宮町
9%
東京府 21,623 三河島町
9%
沖縄県 22,492 本部村
8%
神奈川県 20,372 浦賀町
7%
鹿児島県 27,092 頴娃村
6%
福岡県 37,235 穂波村
5%
東京府 30,660 吾嬬町
5%
兵庫県 21,926 西灘村
5%
北海道 20,141 鷹栖村
5%
大阪府 56,110 豊崎町
4%
北海道 32,321 沼貝村
4%
愛知県 30,810 愛知町
4%
佐賀県 23,881 相知村
4%
鹿児島県 23,577 東南方村
4%
東京府 22,333 大島町
4%
北海道 20,914 三笠山村
4%
福岡県 20,275 宮田村
4%
神奈川県 20,180 田浦町
4%
北海道 20,154 栗沢村
4%
大阪府 40,904 鷺洲町
2%
愛知県 21,881 呼続町
2%
大阪府 31,551 中本町
1%
No matching quizzes found
Score Distribution
Percent of People with Each Score
Percentile by Number Answered
Your Score History
You have not taken this quiz